Apuntes de geografía e historia : (Primer curso)

Gespeichert in:
Bibliographische Detailangaben
1. Verfasser: G. M. V.
Format: Buch
Sprache:Spanisch
Erschienen: Madrid : Hernando, 1933.
Ausgabe:1. ed., il. con grab.
Katalog:MANES:  Suchergebnis im Bibliothekskatalog
Schulbuchspezifische Eigenschaften:
Tags: Tag hinzufügen
Keine Tags, Fügen Sie den ersten Tag hinzu!
Hinzugefügt zu:16.03.1981
Geändert in:07.05.2025

MARC

LEADER 00000cam a2200000 i 4500
005 20250507134514.0
008 810317s1933 espa 000 0 spa
040 |a uned  |b spa  |c entro-manes 
100 0 |a G. M. V.   |9 39591 
245 1 0 |a Apuntes de geografía e historia :   |b (Primer curso) /   |c por G. M. V. 
250 |a 1. ed., il. con grab. 
260 |a Madrid :   |b Hernando,   |c 1933. 
300 |a 104 p. 
546 |a España 
561 |5 es-BUNED  |3 L.T. 2762  |a España. Fondo Manes UNED  |k MANES 
690 0 |a GEO  |a HI 
691 0 |a SE 
942 |2 ddc  |c BK 
999 |c 96021  |d 96021 
999 |c manes:96021  |d 96021